00673nam a2200217 a 450000100100000000500170001000800410002702000150006804000250008308200190010810000330012724500310016026000540019130000260024549000410027165000280031265000420034083000470038204900090042999900170043800002174620200930011432.0100910s1999 pr r 000 f spa d a1563280981 aDO-SdBNPbspacBNPHU a894.511bB282n1 aBarsy, Kalman,d1942-93913010aNaufragio /cKalman Barsy. aRío Piedras, Puerto Rico :bPlaza Mayor,c1999. a221, [3] p. ;c21 cm.1 aBiblioteca de autores de Puerto Rico 4aNovela húngara945196 4aLiteratura húngaraySIGLO XX945197 0aBiblioteca de autores de Puerto Rico99722 aBNGR c21245d21245